Casonas Antiguas de la Ciudad de México (Record no. 9216)
[ view plain ]
| 000 -CABECERA | |
|---|---|
| campo de control de longitud fija | 00733nam a2200229 a 4500 |
| 001 - NÚMERO DE CONTROL | |
| campo de control | BRL_403 |
| 005 - FECHA Y HORA DE LA ÚLTIMA TRANSACCIÓN | |
| campo de control | 20190320210726.0 |
| 008 - DATOS DE LONGITUD FIJA--INFORMACIÓN GENERAL | |
| campo de control de longitud fija | 070813s1968----mx-a######---#000-0#spa-# |
| 041 ## - CÓDIGO DE LENGUA | |
| Código de lengua del texto/banda sonora o título independiente | spa |
| 044 ## - CÓDIGO DEL PAÍS DE LA ENTIDAD EDITORA/PRODUCTORA | |
| Código MARC del país | mx |
| 050 #4 - SIGNATURA TOPOGRÁFICA DE LA BIBLIOTECA DEL CONGRESO | |
| Número de clasificación | F1386.8 |
| Número de documento/Ítem | .S63 1968 |
| 100 1# - ENTRADA PRINCIPAL--NOMBRE DE PERSONA | |
| Nombre de persona | Sodi Pallares, Ernesto |
| 9 (RLIN) | 23802 |
| 245 10 - MENCIÓN DE TÍTULO | |
| Título | Casonas Antiguas de la Ciudad de México |
| Mención de responsabilidad, etc. | Ernesto Sodi Pallares |
| 260 ## - PUBLICACIÓN, DISTRIBUCIÓN, ETC. | |
| Lugar de publicación, distribución, etc. | México |
| Nombre del editor, distribuidor, etc. | Editora de periódicos ´la prensa´, División Comercial |
| Fecha de publicación, distribución, etc. | 1968 |
| 300 ## - DESCRIPCIÓN FÍSICA | |
| Extensión | 190 p. |
| Otras características físicas | il. |
| Dimensiones | 18 cm. |
| 440 #0 - MENCIÓN DE SERIE/PUNTO DE ACCESO ADICIONAL--TÍTULO | |
| Título | Populibros |
| Designación de volumen o secuencia | 81 |
| 9 (RLIN) | 23803 |
| 500 ## - NOTA GENERAL | |
| Nota general | ej.1 Au412; ej.2 Au578 |
| 650 14 - PUNTO DE ACCESO ADICIONAL DE MATERIA--TÉRMINO DE MATERIA | |
| Término de materia o nombre geográfico como elemento de entrada | Viviendas |
| Subdivisión geográfica | Ciudad de México |
| 9 (RLIN) | 23804 |
| 651 #4 - PUNTO DE ACCESO ADICIONAL DE MATERIA--NOMBRE GEOGRÁFICO | |
| Nombre geográfico | Ciudad de México (México) |
| Subdivisión general | Edificios, estructuras, etc. |
| 9 (RLIN) | 15245 |
| 902 ## - CATALOGADOR | |
| Iniciales | GRL |
| 942 ## - ELEMENTOS DE PUNTO DE ACCESO ADICIONAL (KOHA) | |
| Fuente del sistema de clasificación o colocación | Library of Congress Classification |
| Tipo de ítem Koha | Libros |
| Estado de retiro | Estado de pérdida | Estado dañado | No para préstamo | Localización permanente | Ubicación/localización actual | Fecha de adquisición | Total de préstamos | Signatura topográfica completa | Código de barras | Fecha visto por última vez | Precio válido a partir de | Tipo de ítem Koha |
|---|---|---|---|---|---|---|---|---|---|---|---|---|
| El ejemplar forma parte de la colección y puede ser consultado según las políticas vigentes. | Biblioteca Centro de Estudios Ruth D. Lechuga | Biblioteca Centro de Estudios Ruth D. Lechuga | 07/08/2013 | F1386.8 .S63 1968 | GRL00434 | 22/03/2019 | 22/03/2019 | Libros | ||||
| El ejemplar forma parte de la colección y puede ser consultado según las políticas vigentes. | Biblioteca Centro de Estudios Ruth D. Lechuga | Biblioteca Centro de Estudios Ruth D. Lechuga | 26/08/2015 | F1386.8 .S63 1968 | GRL00435 | 22/03/2019 | 22/03/2019 | Libros |